LIBRARY & INFORMATION CENTRE, KCAET, TAVANUR

ONLINE PUBLIC ACCESS CATALOGUE (OPAC)

Fundamentals of structural analysis / (Record no. 11291)

MARC details
000 -LEADER
fixed length control field 00430cam a2200157ua 4500
003 - CONTROL NUMBER IDENTIFIER
control field OSt
008 - FIXED-LENGTH DATA ELEMENTS--GENERAL INFORMATION
fixed length control field 250602b |||||||| |||| 00| 0 eng d
041 ## - LANGUAGE CODE
Language code of text/sound track or separate title eng
082 ## - DEWEY DECIMAL CLASSIFICATION NUMBER
Classification number 624.171
Item number LEE/FU
100 ## - MAIN ENTRY--AUTHOR NAME
Personal name Leet, Kenneth M .
245 ## - TITLE STATEMENT
Title Fundamentals of structural analysis /
260 ## - PUBLICATION, DISTRIBUTION, ETC. (IMPRINT)
Place of publication New Delhi :
Name of publisher Tata Mc-Graw Hill Publishing Company ,
Year of publication 2003.
300 ## - PHYSICAL DESCRIPTION
Number of Pages 734 ; .
700 1# - ADDED ENTRY--PERSONAL NAME
Personal name Uang, Chia-Ming.
942 ## - ADDED ENTRY ELEMENTS (KOHA)
Koha item type Books
Holdings
Withdrawn status Lost status Damaged status Home library Current library Date acquired Full call number Accession Number Koha item type
      KAUAET KAUAET 07/04/2012 624.171 LEE/FU 20828 Books
free website counter